[Event "33. Seebach-Open"]
[Site "Grossenseebach"]
[Date "2024.05.31"]
[Round "3.35"]
[White "Neher, Benjamin"]
[Black "Zyadah, Mahmoud"]
[Result "1-0"]
[WhiteElo "1839"]
[BlackElo "1581"]
[PlyCount "95"]
[EventDate "2024.??.??"]
[WhiteTeam "SF Wetzisreute"]
[BlackTeam "SF Riedlingen"]

1. e4 c6 2. d4 d5 3. e5 Bf5 4. h4 h5 5. Bg5 f6 6. Bf4 e6 7. Bd3 Bxd3 8. Qxd3
Qe7 9. Nf3 Na6 10. O-O f5 11. Nbd2 g6 12. Bg5 Qd7 13. c4 Bh6 14. cxd5 cxd5 15.
Qe3 Bxg5 16. Qxg5 Kf7 17. Rfc1 Qe7 18. Qe3 Nh6 19. Rc3 Ng4 20. Qe2 Rhc8 21.
Rac1 Qd7 22. Ng5+ Kg7 23. a3 Rxc3 24. Rxc3 Rc8 25. Qd3 Rxc3 26. Qxc3 Nh6 27. b4
Nf7 28. Ndf3 Nd8 29. g3 b5 30. Nh3 Qc7 31. Qd2 Qe7 32. Nfg5 Nf7 33. Qc1 Nxg5
34. Nxg5 Qd7 35. Kg2 Nb8 36. Qc5 Na6 37. Qc1 Nb8 38. Qc5 Na6 39. Qc2 Nb8 40.
Qc7 Qxc7 41. Nxe6+ Kf7 42. Nxc7 Nc6 43. Nxb5 a5 44. bxa5 Nxa5 45. Kf3 Ke7 46.
Kf4 Kd7 47. Kg5 Kc6 48. a4 1-0

[Event "33. Seebach-Open"]
[Site "Grossenseebach"]
[Date "2024.05.31"]
[Round "3.36"]
[White "Arora, Abhiraaj"]
[Black "Kalnik, Isabell"]
[Result "1-0"]
[WhiteElo "1827"]
[BlackElo "1479"]
[PlyCount "87"]
[EventDate "2024.??.??"]
[WhiteTeam "SC Erlangen 48/88"]
[BlackTeam "FSV Großenseebach"]

1. e4 e5 2. f4 d5 3. exd5 Qxd5 4. Nc3 Qe6 5. Nf3 exf4+ 6. Be2 Bd6 7. O-O Nf6 8.
Bb5+ c6 9. Re1 cxb5 10. Rxe6+ fxe6 11. Nxb5 Bc5+ 12. d4 Bb6 13. Nd6+ Kd7 14.
Bxf4 Rf8 15. Qe2 Nc6 16. c3 Nd5 17. Bg3 Bc7 18. Re1 Rf6 19. Ne4 Rg6 20. Nc5+
Ke7 21. Bh4+ Kf8 22. Ng5 Nf4 23. Qf3 Kg8 24. g3 Rxg5 25. Bxg5 Nh3+ 26. Kg2 Nxg5
27. Qh5 Nf7 28. d5 g6 29. Qh3 e5 30. Nd7 Ne7 31. Rf1 Nf5 32. Nf6+ Kf8 33. Nxh7+
Kg7 34. g4 N5h6 35. Nf6 Bd8 36. Ne8+ Kg8 37. Qd3 Kf8 38. Nd6 Kg7 39. Nxf7 Nxf7
40. Qf3 Bxg4 41. Qxf7+ Kh6 42. h3 Bf5 43. Rxf5 gxf5 44. Qxb7 1-0

[Event "33. Seebach-Open"]
[Site "Grossenseebach"]
[Date "2024.05.31"]
[Round "3.37"]
[White "Schwab, Philipp"]
[Black "Keck, Johannes"]
[Result "1/2-1/2"]
[WhiteElo "1500"]
[BlackElo "1825"]
[PlyCount "58"]
[EventDate "2024.??.??"]
[WhiteTeam "SC Forchheim e.V."]
[BlackTeam "SC Erlangen 48/88"]

1. b3 d5 2. Bb2 c5 3. e3 Nf6 4. Nf3 e6 5. Ne5 Bd6 6. Bb5+ Bd7 7. Qe2 O-O 8. O-O
Bxb5 9. Qxb5 Nc6 10. f4 Qc7 11. Nxc6 bxc6 12. Qe2 e5 13. fxe5 Bxe5 14. Bxe5
Qxe5 15. Nc3 Rfe8 16. Qf3 d4 17. exd4 cxd4 18. Na4 h5 19. Nb2 Qc5 20. Qd3 Qd5
21. c4 dxc3 22. dxc3 Qxd3 23. Nxd3 Re3 24. Rf3 Rae8 25. Rxe3 Rxe3 26. Rd1 Ne4
27. c4 Re2 28. Re1 Rxe1+ 29. Nxe1 Nc3 1/2-1/2

[Event "33. Seebach-Open"]
[Site "Grossenseebach"]
[Date "2024.05.31"]
[Round "3.38"]
[White "Scheitler, Wolfgang"]
[Black "Faust, Bernhard"]
[Result "0-1"]
[WhiteElo "1424"]
[BlackElo "1818"]
[PlyCount "82"]
[EventDate "2024.??.??"]
[WhiteTeam "SC Schwarz-Weiß Nürnberg Süd e.V"]
[BlackTeam "SK Rothenburg e.V."]

1. d4 b6 2. c4 Bb7 3. Nc3 e6 4. a3 f5 5. Qc2 Nf6 6. Bg5 Be7 7. Rd1 O-O 8. Nf3
d6 9. Bxf6 Bxf6 10. e4 g6 11. e5 Bg7 12. Be2 Nd7 13. O-O Qe7 14. exd6 cxd6 15.
Qd2 Rad8 16. h4 h6 17. Qe3 Nf6 18. Nh2 e5 19. dxe5 dxe5 20. Rxd8 Rxd8 21. Rd1
Rxd1+ 22. Nxd1 Qd6 23. Qd3 Qxd3 24. Bxd3 e4 25. Be2 f4 26. Ng4 Nxg4 27. Bxg4
Kf7 28. Bd7 Ke7 29. Ba4 Kd6 30. Kf1 g5 31. hxg5 hxg5 32. b4 Bc8 33. Bc2 Bb7 34.
g3 Bd4 35. gxf4 gxf4 36. Ke2 Ke5 37. c5 bxc5 38. bxc5 Bxc5 39. Nc3 a6 40. a4
Kd4 41. Nd1 Bd5 0-1

[Event "33. Seebach-Open"]
[Site "Grossenseebach"]
[Date "2024.05.31"]
[Round "3.40"]
[White "Abdelrahim, Ahmed"]
[Black "Kohler, Alfred"]
[Result "1-0"]
[WhiteElo "1995"]
[BlackElo "1537"]
[PlyCount "31"]
[EventDate "2024.??.??"]
[WhiteTeam "SK Radolfzell"]
[BlackTeam "SK 1911 Herzogenaurach e.V."]

1. f4 d5 2. Nf3 e6 3. e3 Nf6 4. b3 b6 5. Bb5+ c6 6. Be2 Ba6 7. O-O Bxe2 8. Qxe2
Nbd7 9. Bb2 Be7 10. d3 O-O 11. Nbd2 Qc7 12. Ne5 Nxe5 13. Bxe5 Qb7 14. Rf3 Nd7
15. Rh3 g6 16. Qh5 1-0

[Event "33. Seebach-Open"]
[Site "Grossenseebach"]
[Date "2024.05.31"]
[Round "3.41"]
[White "Haubrich, Michael"]
[Black "Galter, Norbert"]
[Result "0-1"]
[WhiteElo "1922"]
[BlackElo "1507"]
[PlyCount "58"]
[EventDate "2024.??.??"]
[WhiteTeam "SK Mering"]
[BlackTeam "Spvg Zabo-Eintracht Nürnberg e.V"]

1. d4 d5 2. Bf4 c5 3. e3 Nc6 4. c3 Nf6 5. Nd2 Qb6 6. Qb3 c4 7. Qc2 g6 8. Ngf3
Bf5 9. Qc1 Bg7 10. h3 O-O 11. b3 cxb3 12. axb3 Rac8 13. Qb2 Ne4 14. Nxe4 Bxe4
15. Nd2 e5 16. Bg3 Bf5 17. Be2 exd4 18. exd4 Rfe8 19. Kd1 Nxd4 20. cxd4 Bxd4
21. Qa3 Bxa1 22. Qxa1 Bc2+ 23. Ke1 Bd3 24. Be5 Bxe2 25. Bh8 Bd3+ 26. Kd1 Bc2+
27. Kc1 Bxb3+ 28. Kb1 Bc2+ 29. Kc1 Ba4+ 0-1

[Event "33. Seebach-Open"]
[Site "Grossenseebach"]
[Date "2024.05.31"]
[Round "3.42"]
[White "Urlass, Bernd"]
[Black "Diller, Marianne"]
[Result "0-1"]
[WhiteElo "1539"]
[BlackElo "1844"]
[PlyCount "48"]
[EventDate "2024.??.??"]
[WhiteTeam "SSV Fortschritt Lichtenstein"]
[BlackTeam "SK Rothenburg e.V."]

1. d4 d5 2. c4 e6 3. Nc3 Nf6 4. Nf3 Be7 5. Bf4 O-O 6. e3 Nbd7 7. Bd3 dxc4 8.
Bxc4 a6 9. Rc1 c5 10. O-O b5 11. Bd3 b4 12. Ne4 Nxe4 13. Bxe4 Ra7 14. dxc5 Nxc5
15. Bb1 Qxd1 16. Rfxd1 Rd7 17. Rxd7 Bxd7 18. Nd2 Bb5 19. Ne4 Nxe4 20. Bxe4 Rd8
21. h3 f5 22. Rc7 Rd1+ 23. Kh2 Bd8 24. Bxf5 exf5 0-1

[Event "33. Seebach-Open"]
[Site "Grossenseebach"]
[Date "2024.05.31"]
[Round "3.43"]
[White "Hafes, Hassan"]
[Black "Ospina Ocampo, Camilo"]
[Result "1/2-1/2"]
[WhiteElo "1485"]
[BlackElo "1837"]
[PlyCount "71"]
[EventDate "2024.??.??"]
[WhiteTeam "SF Riedlingen"]
[BlackTeam "SK Durlach"]

1. e4 c5 2. Nf3 d6 3. d4 cxd4 4. Nxd4 Nf6 5. Nc3 Nc6 6. Bg5 e6 7. f3 Bd7 8. a3
a6 9. Be2 Qb6 10. Bxf6 gxf6 11. Nb3 Rg8 12. g3 Rg6 13. Qd2 Bh6 14. Qxd6 O-O-O
15. Qc5 Qc7 16. Rd1 Bf8 17. Qf2 Kb8 18. Nc5 Ne5 19. Nxd7+ Nxd7 20. Kf1 Bc5 21.
Qe1 b5 22. b4 Bd6 23. Bxb5 axb5 24. Nxb5 Qc4+ 25. Qe2 Qxe2+ 26. Kxe2 Be7 27. c4
Ne5 28. Rxd8+ Bxd8 29. c5 Nc6 30. Rd1 Rh6 31. h4 Rg6 32. g4 Be7 33. Rd7 Rg8 34.
Rc7 Rc8 35. Rd7 Rd8 36. Rc7 1/2-1/2

[Event "33. Seebach-Open"]
[Site "Grossenseebach"]
[Date "2024.05.31"]
[Round "3.44"]
[White "Rebhann, Leo"]
[Black "Vennemann, Juergen"]
[Result "0-1"]
[WhiteElo "1441"]
[BlackElo "1831"]
[PlyCount "79"]
[EventDate "2024.??.??"]
[WhiteTeam "BSG Wöhrlhaus Erlangen"]
[BlackTeam "SC Hersbruck"]

1. d4 d6 2. Nf3 Nf6 3. e3 Nbd7 4. Be2 e5 5. dxe5 dxe5 6. O-O Bc5 7. Nc3 a6 8.
a3 O-O 9. b4 Ba7 10. Bb2 b5 11. Nd5 Re8 12. Nxf6+ Qxf6 13. c4 c6 14. c5 Bb8 15.
Qd2 Qh6 16. Rfd1 e4 17. g3 exf3 18. Bxf3 Be5 19. Bd4 Qf6 20. Bg2 Bxd4 21. Qxd4
Qxd4 22. Rxd4 Nb8 23. Rad1 Kf8 24. Rd6 a5 25. Bxc6 Nxc6 26. Rxc6 axb4 27. axb4
Bg4 28. Rc1 Ra4 29. Rb1 Bf5 30. Rc1 Rxb4 31. Rb6 Rc4 32. Rxc4 bxc4 33. Ra6 c3
34. Ra1 c2 35. Kf1 Rb8 36. Ke2 Rb1 37. Ra8+ Ke7 38. Ra7+ Kf6 39. Ra6+ Be6 40.
Rb6 0-1

[Event "33. Seebach-Open"]
[Site "Grossenseebach"]
[Date "2024.05.31"]
[Round "3.45"]
[White "Llugiq, Bajram"]
[Black "Martin Fernandez, Felix"]
[Result "0-1"]
[WhiteElo "1816"]
[BlackElo "1430"]
[PlyCount "72"]
[EventDate "2024.??.??"]
[WhiteTeam "SC Schwarz-Weiß Nürnberg Süd e.V"]
[BlackTeam "SC Erlangen 48/88"]

1. d4 Nf6 2. c4 g6 3. e4 Nxe4 4. Bd3 Nf6 5. Nf3 Bg7 6. O-O O-O 7. Nc3 d5 8. Bf4
dxc4 9. Bxc4 c6 10. a4 Nd5 11. Bxd5 cxd5 12. Nb5 Na6 13. Rc1 Bf5 14. Re1 Nb4
15. Re3 a6 16. Na3 e6 17. Qb3 Nc6 18. Rd1 Na5 19. Qb4 Rc8 20. Rc3 Rxc3 21. bxc3
Bg4 22. Rd3 Re8 23. Qb2 Qd7 24. Nd2 Bf8 25. Nf1 Bf5 26. Rd1 Qxa4 27. Ra1 Qb3
28. Qc1 Rc8 29. Bd2 Nc6 30. Ne3 Nxd4 31. Qf1 Bxa3 32. cxd4 Bd3 33. Qd1 Qxd1+
34. Rxd1 b5 35. h4 b4 36. Bxb4 Bxb4 0-1

[Event "33. Seebach-Open"]
[Site "Grossenseebach"]
[Date "2024.05.31"]
[Round "3.46"]
[White "Held, Philip"]
[Black "Averkova, Olena"]
[Result "1-0"]
[WhiteElo "1317"]
[BlackElo "1812"]
[PlyCount "125"]
[EventDate "2024.??.??"]
[WhiteTeam "SC JÄKLECHEMIE Talente Franken e"]
[BlackTeam "SC 1868 Bamberg"]

1. e4 d5 2. exd5 Nf6 3. d4 Nxd5 4. c4 Nf6 5. Nc3 Bf5 6. Nf3 e6 7. Bd3 Bg4 8.
Be3 Be7 9. h3 Bh5 10. Be2 c6 11. Ne5 Bg6 12. Nxg6 hxg6 13. Qd2 Bb4 14. a3 Ne4
15. Qc2 Bxc3+ 16. bxc3 Qa5 17. Bd2 Nxd2 18. Qxd2 Nd7 19. Bf3 Nb6 20. Qd3 Rd8
21. O-O Qg5 22. Be2 Ke7 23. Rfb1 Rb8 24. Rb3 Nd7 25. c5 Rh4 26. Qe3 Qxe3 27.
fxe3 Kd8 28. Rab1 Kc7 29. Kf2 g5 30. Bf3 f5 31. Kg3 Nf6 32. a4 Ne4+ 33. Bxe4
Rxe4 34. Kf3 b6 35. a5 b5 36. a6 Rd8 37. c4 e5 38. cxb5 cxb5 39. Rxb5 exd4 40.
exd4 Rexd4 41. Rb7+ Kc6 42. Rxa7 Rd3+ 43. Kf2 Rd2+ 44. Kf1 R2d7 45. Rbb7 Rd1+
46. Kf2 R8d2+ 47. Kg3 Rg1 48. Rxg7 Rgxg2+ 49. Kf3 Rdf2+ 50. Ke3 Ra2 51. Kd4
Rad2+ 52. Ke5 Rd5+ 53. Kf6 f4 54. Rac7+ Kb5 55. a7 Rd8 56. Rb7+ Kxc5 57. Rb8
Rd6+ 58. Kf7 Rd7+ 59. Kg6 g4 60. Rxd7 gxh3+ 61. Kf5 h2 62. Rh7 Ra2 63. a8=Q 1-0

[Event "33. Seebach-Open"]
[Site "Grossenseebach"]
[Date "2024.05.31"]
[Round "3.47"]
[White "Basel, Moritz"]
[Black "Ratushna, Olha"]
[Result "1-0"]
[WhiteElo "1810"]
[BlackElo "1445"]
[PlyCount "29"]
[EventDate "2024.??.??"]
[WhiteTeam "SC Kitzingen von 1905"]
[BlackTeam "SC Schwarz-Weiß Nürnberg Süd e.V"]

1. e4 e5 2. Bc4 Nf6 3. d4 exd4 4. Nf3 Bb4+ 5. c3 dxc3 6. bxc3 Bc5 7. e5 Ng4 8.
Bxf7+ Kf8 9. Bh5 Nxf2 10. Qd5 g6 11. Qxc5+ d6 12. Qxf2 gxh5 13. Ng5+ Kg7 14.
Qf7+ Kh6 15. Ne6+ 1-0

[Event "33. Seebach-Open"]
[Site "Grossenseebach"]
[Date "2024.05.31"]
[Round "3.48"]
[White "Kwossek, Martin"]
[Black "Kreiner, Tobias"]
[Result "1-0"]
[WhiteElo "1724"]
[BlackElo "1416"]
[PlyCount "43"]
[EventDate "2024.??.??"]
[WhiteTeam "SC Kitzingen von 1905"]
[BlackTeam "FSV Großenseebach"]

1. d4 Nf6 2. Nf3 g6 3. Bf4 Bg7 4. e3 d6 5. Be2 O-O 6. h3 Nfd7 7. c3 e5 8. dxe5
dxe5 9. Bh2 Nc6 10. O-O a6 11. Qc2 Qe7 12. Nbd2 f5 13. Rad1 e4 14. Nd4 Nxd4 15.
cxd4 c6 16. Nc4 Rf6 17. Rd2 g5 18. Rfd1 Nf8 19. Nb6 Bd7 20. Nxa8 Qd8 21. Qb3+
Be6 22. Qxb7 1-0

[Event "33. Seebach-Open"]
[Site "Grossenseebach"]
[Date "2024.05.31"]
[Round "3.49"]
[White "Timurlenk, Emre"]
[Black "Sammer, Fabian"]
[Result "1/2-1/2"]
[WhiteElo "1313"]
[BlackElo "1672"]
[PlyCount "65"]
[EventDate "2024.??.??"]
[WhiteTeam "SV Bubenreuth e.V."]
[BlackTeam "SC JÄKLECHEMIE Talente Franken e"]

1. d4 Nf6 2. c4 e6 3. Nc3 Bb4 4. Bg5 d5 5. Nf3 dxc4 6. e4 h6 7. Bxf6 Qxf6 8.
Bxc4 Qg6 9. Qd3 O-O 10. O-O a6 11. a3 Be7 12. Rac1 b5 13. Bb3 Bb7 14. d5 Rd8
15. Qe3 exd5 16. Nxd5 Bxd5 17. Bxd5 c6 18. Ne5 Qf6 19. Nxc6 Nxc6 20. Rxc6 Qxb2
21. Rc7 Qe5 22. Rxe7 Qxe7 23. Bxa8 Rxa8 24. f4 b4 25. axb4 Qxb4 26. e5 a5 27.
f5 Re8 28. e6 fxe6 29. fxe6 a4 30. Qf2 Qe7 31. Qf7+ Kh8 32. Qxe7 Rxe7 33. Ra1
1/2-1/2

[Event "33. Seebach-Open"]
[Site "Grossenseebach"]
[Date "2024.05.31"]
[Round "3.50"]
[White "Bauenschmidt, Lars"]
[Black "Waschner, Richard"]
[Result "1-0"]
[WhiteElo "1256"]
[BlackElo "1638"]
[PlyCount "31"]
[EventDate "2024.??.??"]
[WhiteTeam "FSV Großenseebach"]
[BlackTeam "Spvg Zabo-Eintracht Nürnberg e.V"]

1. e4 c6 2. Nc3 d5 3. exd5 cxd5 4. d4 Nc6 5. Nf3 Bg4 6. Bb5 e6 7. h3 Bh5 8. g4
Bg6 9. Ne5 Rc8 10. Qe2 Bb4 11. Bxc6+ bxc6 12. Qa6 Qb6 13. Qxc8+ Ke7 14. Nxc6+
Kf6 15. Nxb4 Qxb4 16. Qd8+ 1-0

[Event "33. Seebach-Open"]
[Site "Grossenseebach"]
[Date "2024.05.31"]
[Round "3.51"]
[White "Zagrada, Halil"]
[Black "Schuessler, Simon"]
[Result "1-0"]
[WhiteElo "1632"]
[BlackElo "1374"]
[PlyCount "109"]
[EventDate "2024.??.??"]
[WhiteTeam "BSG Wöhrlhaus Erlangen"]
[BlackTeam "FSV Großenseebach"]

1. d4 Nf6 2. e3 g6 3. f4 d5 4. Nf3 Ne4 5. Bd3 Bf5 6. O-O Bg7 7. b4 c6 8. Bb2
Qb6 9. a3 Nd7 10. Nbd2 Qc7 11. Ne5 Nd6 12. Qf3 b5 13. g4 Bxd3 14. cxd3 f6 15.
Nxd7 Qxd7 16. Nb3 Nb7 17. e4 e6 18. Rac1 O-O 19. Rf2 Rfc8 20. Rfc2 Rc7 21. h3
Rac8 22. e5 h6 23. h4 f5 24. Rg2 Kh7 25. Kf2 Rg8 26. Rh1 h5 27. gxh5 Bh6 28.
Rxg6 Rxg6 29. hxg6+ Kxg6 30. Rg1+ Kh7 31. h5 Qe8 32. Rg6 Rg7 33. Rxg7+ Kxg7 34.
Nc1 Kh7 35. Ne2 Qe7 36. Qh3 Bf8 37. Ng1 Qg7 38. Nf3 Be7 39. Bc3 Qg4 40. Qxg4
fxg4 41. Ng5+ Bxg5 42. fxg5 Nd8 43. Kg3 Nf7 44. Kxg4 Kg7 45. Bd2 Nh8 46. Be3 a6
47. Kh4 Kh7 48. g6+ Nxg6+ 49. hxg6+ Kxg6 50. Bf4 Kf5 51. Kg3 Kg6 52. Kg4 Kf7
53. Kg5 Kg7 54. Kh5 Kh7 55. Bg5 1-0

[Event "33. Seebach-Open"]
[Site "Grossenseebach"]
[Date "2024.05.31"]
[Round "3.52"]
[White "Kreiner, Daniel"]
[Black "Zaiser, Dion"]
[Result "1-0"]
[WhiteElo "1615"]
[BlackElo "1307"]
[PlyCount "65"]
[EventDate "2024.??.??"]
[WhiteTeam "FSV Großenseebach"]
[BlackTeam "SG Büchenbach/Roth e.V."]

1. e4 c5 2. Nf3 Nc6 3. d4 cxd4 4. Nxd4 g6 5. Nc3 Bg7 6. Be3 Nf6 7. Qd2 Ng4 8.
Nxc6 bxc6 9. Bd4 Bxd4 10. Qxd4 O-O 11. f3 Nf6 12. O-O-O d6 13. e5 Ne8 14. h4 d5
15. g4 Qb6 16. Qf4 Rb8 17. b3 Qb4 18. Qd2 d4 19. Qxd4 Qxd4 20. Rxd4 f6 21. exf6
Nxf6 22. Bc4+ Kg7 23. Rhd1 Bb7 24. R4d3 h6 25. Re1 Rfe8 26. g5 hxg5 27. hxg5
Nh5 28. Rd7 Kf8 29. Na4 Bc8 30. Rxa7 Bf5 31. Nc5 Rbd8 32. Ne6+ Bxe6 33. Bxe6
1-0

[Event "33. Seebach-Open"]
[Site "Grossenseebach"]
[Date "2024.05.31"]
[Round "3.53"]
[White "Fraunholz, Axel"]
[Black "Wallrab, Armin"]
[Result "0-1"]
[WhiteElo "1285"]
[BlackElo "1598"]
[PlyCount "96"]
[EventDate "2024.??.??"]
[WhiteTeam "Spvg Zabo-Eintracht Nürnberg e.V"]
[BlackTeam "SV Ilmmünster"]

1. e4 d6 2. d4 Nf6 3. Nc3 g6 4. Nf3 Bg7 5. g3 O-O 6. Bg2 c6 7. O-O Nbd7 8. h3
e5 9. Bg5 exd4 10. Nxd4 Qb6 11. Qd2 Nxe4 12. Nxe4 Qxd4 13. Nxd6 Qxd2 14. Bxd2
Nb6 15. Rab1 Rd8 16. Bb4 Bf8 17. Nxc8 Raxc8 18. Bxf8 Kxf8 19. Rbd1 Nc4 20. Rfe1
Nd2 21. b3 Rc7 22. Re2 Nf3+ 23. Bxf3 Rxd1+ 24. Kg2 Rcd7 25. Be4 Re7 26. Kf3 f5
27. Bd3 Rxe2 28. Kxe2 Ra1 29. a4 Ke7 30. f4 a6 31. h4 Kf6 32. Kf3 Re1 33. Be2
h6 34. Kf2 Rc1 35. Bd3 g5 36. a5 Ra1 37. b4 Rb1 38. c3 Rb3 39. Ke2 Rxc3 40.
hxg5+ hxg5 41. Kd2 Rb3 42. b5 axb5 43. Ke3 gxf4+ 44. gxf4 Ra3 45. Kd4 c5+ 46.
Kxc5 Rxd3 47. Kxb5 Rb3+ 48. Ka4 Rb1 0-1

[Event "33. Seebach-Open"]
[Site "Grossenseebach"]
[Date "2024.05.31"]
[Round "3.54"]
[White "Strobl, Thomas"]
[Black "Denhardt, Daniel"]
[Result "1-0"]
[WhiteElo "1585"]
[BlackElo "1315"]
[PlyCount "67"]
[EventDate "2024.??.??"]
[WhiteTeam "TSV 1860 Weißenburg e.V."]
[BlackTeam "FSV Großenseebach"]

1. d4 Nf6 2. e3 g6 3. Bd3 Bg7 4. f4 e6 5. Nf3 Nc6 6. c3 O-O 7. O-O Re8 8. Nbd2
d5 9. Ne5 Nxe5 10. fxe5 Nd7 11. e4 c6 12. Nf3 Qb6 13. Kh1 dxe4 14. Bxe4 c5 15.
Ng5 Rf8 16. Qf3 f5 17. Bc2 h6 18. dxc5 Nxc5 19. Be3 hxg5 20. b4 g4 21. Qe2 Qc6
22. Bxc5 Re8 23. Bd3 b6 24. Bb5 Qd5 25. Bxe8 bxc5 26. Rad1 Qxe5 27. Qxe5 Bxe5
28. Bc6 Rb8 29. Rd8+ Kg7 30. b5 Kf6 31. c4 Kf7 32. Rfd1 Ke7 33. Re8+ Kf7 34.
Rdd8 1-0

[Event "33. Seebach-Open"]
[Site "Grossenseebach"]
[Date "2024.05.31"]
[Round "3.55"]
[White "Nesmjanowitsch, Julia"]
[Black "Averin, Alex"]
[Result "1-0"]
[WhiteElo "1580"]
[BlackElo "1288"]
[PlyCount "109"]
[EventDate "2024.??.??"]
[WhiteTeam "SC JÄKLECHEMIE Talente Franken e"]
[BlackTeam "SC Schwarz-Weiß Nürnberg Süd e.V"]

1. e4 c5 2. Nf3 e6 3. d4 cxd4 4. Nxd4 Nf6 5. Nc3 Bb4 6. Bg5 Qa5 7. Bd2 Qc5 8.
Nb3 Qc7 9. Nb5 Bxd2+ 10. Qxd2 Qc6 11. Nd6+ Ke7 12. O-O-O h6 13. Qd4 b6 14. e5
Ne8 15. Bb5 Qc7 16. Rhe1 Ba6 17. Qf4 f6 18. Nxe8 Kxe8 19. Be2 Bxe2 20. Rxe2 Nc6
21. Qe4 f5 22. Qf3 Rc8 23. Qh5+ Ke7 24. Qh4+ g5 25. Qg3 f4 26. Qc3 Nb8 27. Qb4+
Kf7 28. Qb5 Qc6 29. Nd4 Qc5 30. Red2 Ke7 31. Qe2 Qc4 32. Qh5 Qxa2 33. Rd3 Qa1+
34. Kd2 Qa5+ 35. Ke2 Qxe5+ 36. Kf1 Qf6 37. Re1 Qf7 38. Qd1 Rhd8 39. Nb5 Rc6 40.
Nxa7 Rc7 41. Nb5 Rc6 42. Nd4 Rd6 43. Qe2 Qf6 44. c3 Nc6 45. Qe4 Nxd4 46. cxd4
Kf7 47. Red1 Qf5 48. Qe2 Rc6 49. d5 Rc5 50. dxe6+ Qxe6 51. Qh5+ Kg7 52. Rd6
Qc4+ 53. Kg1 Qf7 54. Qxh6+ Kg8 55. Rg6+ 1-0

[Event "33. Seebach-Open"]
[Site "Grossenseebach"]
[Date "2024.05.31"]
[Round "3.57"]
[White "Barsov, Mikhail"]
[Black "Hoffmann, Edgar"]
[Result "1-0"]
[WhiteElo "1576"]
[BlackElo "1277"]
[PlyCount "99"]
[EventDate "2024.??.??"]
[WhiteTeam "SK Gräfelfing"]
[BlackTeam "SC Forchheim e.V."]

1. c4 Nf6 2. Nc3 d6 3. g3 g6 4. Bg2 Bg7 5. e4 Nbd7 6. Nge2 O-O 7. O-O Nc5 8. d3
(8. a3 c6 9. b4 Ncd7 10. Rb1 Ne5 11. f4 Ned7 12. b5 c5) 8... c6 9. b4 Ncd7 10.
Rb1 Ne5 11. f4 Ned7 12. b5 c5 13. Be3 Ng4 14. Bd2 e5 15. h3 exf4 16. hxg4 fxg3
17. Nxg3 Bd4+ 18. Rf2 Ne5 19. Nce2 Bxg4 20. Qf1 Bxf2+ 21. Qxf2 Nxd3 22. Qf1 Ne5
23. Bh6 Re8 24. Qf4 f6 25. Nc3 Be6 26. Nd5 Bxd5 27. exd5 Nf7 28. Ne4 Nxh6 29.
Qxh6 Re5 30. Rf1 Rh5 31. Qf4 Rf5 32. Qh4 Rxf1+ 33. Bxf1 Kg7 34. Qg3 Qc7 35.
Nxd6 Kf8 36. Qf4 Rd8 37. Qxf6+ Kg8 38. Bh3 Rxd6 39. Be6+ Rxe6 40. Qxe6+ Qf7 41.
Qc8+ Kg7 42. Qxc5 b6 43. Qa3 Qd7 44. Qc3+ Kh6 45. Qd2+ Kg7 46. Qf4 Qf7 47. Qe5+
Qf6 48. Qc7+ Qf7 49. d6 Kf6 50. d7 1-0

[Event "33. Seebach-Open"]
[Site "Grossenseebach"]
[Date "2024.05.31"]
[Round "3.59"]
[White "Barnowski, Roman"]
[Black "Yanpala, Oguz Faruk"]
[Result "1/2-1/2"]
[WhiteElo "1566"]
[BlackElo "1227"]
[PlyCount "103"]
[EventDate "2024.??.??"]
[WhiteTeam "SC Schwarz-Weiß Nürnberg Süd e.V"]
[BlackTeam "SC JÄKLECHEMIE Talente Franken e"]

1. e4 c5 2. Nf3 g6 3. d4 cxd4 4. Qxd4 Nf6 5. Nc3 Nc6 6. Qd1 d6 7. Bb5 Bd7 8.
O-O Bg7 9. Re1 O-O 10. Bg5 a6 11. Bxc6 Bxc6 12. Qd2 Qb6 13. Nd5 Bxd5 14. exd5
Rfe8 15. Rab1 Rac8 16. c3 Qa5 17. Bxf6 Bxf6 18. a3 b5 19. Nd4 Qc7 20. Rbd1 Qc5
21. Nb3 Qc4 22. Nd4 Qxd5 23. Nc2 Qxd2 24. Rxd2 Be5 25. g3 f5 26. f4 Bf6 27. Nb4
a5 28. Nd5 Kf7 29. Rde2 e5 30. Kf2 e4 31. Rd1 Bd8 32. Red2 Ke6 33. Ke2 Rc6 34.
Ne3 Bb6 35. Nc2 Rd8 36. Rd5 Bc5 37. R1d2 Rb6 38. Rd1 Bg1 39. Kf1 Bxh2 40. Kg2
Bxg3 41. Kxg3 h6 42. Kh4 Rg8 43. R5d2 g5+ 44. fxg5 hxg5+ 45. Kg3 f4+ 46. Kg4 e3
47. Nxe3 fxe3 48. Re1 Kf6 49. Rxe3 Rh8 50. Rf2+ Kg6 51. Re6+ Kg7 52. Kxg5
1/2-1/2

[Event "33. Seebach-Open"]
[Site "Grossenseebach"]
[Date "2024.05.31"]
[Round "3.61"]
[White "Brunsch, Michael"]
[Black "Bajaj, Pranit"]
[Result "1-0"]
[WhiteElo "1936"]
[BlackElo "1097"]
[PlyCount "53"]
[EventDate "2024.??.??"]
[WhiteTeam "SC Höchstadt/Aisch"]
[BlackTeam "SC Erlangen 48/88"]

1. e4 e5 2. d4 exd4 3. Qxd4 Nc6 4. Qe3 d6 5. Nc3 Be7 6. Bd2 Nf6 7. O-O-O O-O 8.
f3 Be6 9. Qf2 Ne5 10. h4 Nh5 11. g4 Nxg4 12. fxg4 Bxg4 13. Be2 Bxe2 14. Ngxe2
Nf6 15. h5 Ng4 16. Qg2 Ne5 17. Rdg1 Bf6 18. Bh6 g6 19. Bxf8 Qxf8 20. Nd5 Bg7
21. hxg6 fxg6 22. Rf1 Qd8 23. Qh3 Qg5+ 24. Kb1 Qh6 25. Qe6+ Kh8 26. Rxh6 Bxh6
27. Rh1 1-0

[Event "33. Seebach-Open"]
[Site "Grossenseebach"]
[Date "2024.05.31"]
[Round "3.62"]
[White "Hock, Gerold"]
[Black "Savchuk, Andrej"]
[Result "1-0"]
[WhiteElo "1916"]
[BlackElo "1274"]
[PlyCount "53"]
[EventDate "2024.??.??"]
[WhiteTeam "SC Sulzbach"]
[BlackTeam "SC Uttenreuth e.V."]

1. d4 Nf6 2. c4 e5 3. e3 d6 4. Be2 Bf5 5. Nc3 Nc6 6. d5 Ne7 7. g4 Bg6 8. f3 Nd7
9. e4 c5 10. dxc6 Nxc6 11. Be3 Qc7 12. Nb5 Qb8 13. Kf2 a6 14. Nc3 Be7 15. h4 h6
16. Nd5 O-O 17. h5 Bh7 18. Qd2 Nc5 19. b4 Nxe4+ 20. fxe4 Bxe4 21. Bf3 Bxd5 22.
Bxd5 Kh8 23. Bxh6 gxh6 24. Qxh6+ Kg8 25. Be4 f5 26. Bd5+ Rf7 27. Qg6+ 1-0

[Event "33. Seebach-Open"]
[Site "Grossenseebach"]
[Date "2024.05.31"]
[Round "3.63"]
[White "Dreyer, Andre"]
[Black "Stroessner, Pascal"]
[Result "1-0"]
[WhiteElo "1832"]
[BlackElo "1262"]
[PlyCount "121"]
[EventDate "2024.??.??"]
[WhiteTeam "SV Stockenhausen-Frommern"]
[BlackTeam "FSV Großenseebach"]

1. d4 g6 2. c4 d6 3. Nc3 Bg7 4. e4 Nc6 5. Be3 e5 6. Nge2 f5 7. d5 Nce7 8. f3
Nf6 9. Qd2 O-O 10. O-O-O Kh8 11. Bh6 f4 12. Bxg7+ Kxg7 13. Kb1 c6 14. dxc6 Nxc6
15. Qxd6 Qxd6 16. Rxd6 Bd7 17. Nd5 Rad8 18. Nxf6 Rxf6 19. Rxf6 Kxf6 20. Nc3 Be6
21. Nd5+ Kf7 22. Bd3 Bxd5 23. cxd5 Nd4 24. Rc1 Rd7 25. Rc5 b6 26. Rc8 Kf6 27.
b3 a5 28. Kb2 h6 29. Kc3 Rb7 30. a3 g5 31. Ba6 Ra7 32. Bc4 Rb7 33. Kb2 b5 34.
Bd3 b4 35. Bc4 bxa3+ 36. Kxa3 Nc2+ 37. Ka4 Nd4 38. Ra8 Nc2 39. Kxa5 Ne3 40.
Ra6+ Kg7 41. g3 fxg3 42. hxg3 Nxc4+ 43. bxc4 Rb1 44. c5 Ra1+ 45. Kb6 Rb1+ 46.
Kc7 h5 47. d6 h4 48. gxh4 gxh4 49. d7 Rd1 50. d8=Q Rxd8 51. Kxd8 h3 52. Ra2 h2
53. Rxh2 Kg6 54. c6 Kg5 55. c7 Kf4 56. Rh5 Kxf3 57. Rxe5 Kf4 58. Re8 Kg5 59.
c8=Q Kh6 60. Rg8 Kh5 61. Qc7 1-0